[Event "Main Vogelsberg op 10th"]
[Site "Hanau"]
[Date "2015.05.22"]
[Round "1"]
[White "Slobodetski, Oleg"]
[Black "Idrissi, Mourad"]
[Result "1-0"]
[WhiteElo "1686"]
[BlackElo "1313"]
[PlyCount "95"]
[EventDate "2015.05.22"]
[EventType "swiss"]
[EventRounds "7"]
[EventCountry "GER"]
[SourceTitle "EXT 2016"]
[Source "ChessBase"]
[SourceDate "2015.10.08"]
[SourceVersion "1"]
[SourceVersionDate "2015.10.08"]
[SourceQuality "1"]

1. d4 Nf6 2. c4 e6 3. Nc3 d5 4. Bg5 Be7 5. e3 0-0 6. Bd3 dxc4 7. Bxc4 Nbd7 8. Nf3 Nb6 9. Bd3 Nfd5 10. Bxe7 Qxe7 11. 0-0 Bd7 12. Qc2 h6 13. Ne5 Nb4 14. Qb3 Nxd3 15. Nxd3 Bc6 16. Ne5 Bd5 17. Nxd5 exd5 18. a4 c6 19. a5 Nc8 20. a6 Nb6 21. Rfc1 Rfc8 22. axb7 Qxb7 23. Qc3 Nc4 24. Nxc4 dxc4 25. Ra4 Rab8 26. Qxc4 Qxb2 27. Rxa7 Rb7 28. Rxb7 Qxb7 29. d5 c5 30. e4 Kf8 31. e5 Ke8 32. f4 g6 33. g4 Kd8 34. Kf2 g5 35. f5 Qb2+ 36. Rc2 Qxe5 37. Kg2 Qd4 38. Qxd4 cxd4 39. Rxc8+ Kxc8 40. Kf3 Kd7 41. Ke4 Kd6 42. Kxd4 f6 43. Kc4 Ke5 44. Kc5 Kf4 45. d6 Kxg4 46. d7 Kxf5 47. d8Q Kg4 48. Qxf6 1-0

[Event "Hessen-ch op-B"]
[Site "Frankfurt Sossenheim"]
[Date "2015.??.??"]
[Round "3"]
[White "Slobodetski, Oleg"]
[Black "Koller, Wolfgang"]
[Result "1-0"]
[WhiteElo "1830"]
[BlackElo "1639"]
[PlyCount "105"]
[EventDate "2015.05.13"]
[EventType "swiss"]
[EventRounds "7"]
[EventCountry "GER"]
[SourceTitle "EXT 2016"]
[Source "ChessBase"]
[SourceDate "2015.10.08"]
[SourceVersion "1"]
[SourceVersionDate "2015.10.08"]
[SourceQuality "1"]

1. e4 d5 2. exd5 Qxd5 3. Nc3 Qa5 4. d4 c6 5. Nf3 Nf6 6. Bc4 Bf5 7. Bd2 Qc7 8. Ne5 e6 9. g4 Be4 10. Nxe4 Nxe4 11. Bf4 Bd6 12. Qe2 Nf6 13. 0-0-0 b5 14. Bd3 Nd5 15. Bd2 Nd7 16. Nf3 Bf4 17. Kb1 a5 18. h4 Bxd2 19. Qxd2 Nf4 20. Ne5 Nxd3 21. Nxd3 Qd6 22. Qe3 0-0 23. g5 Rae8 24. f4 g6 25. h5 f5 26. hxg6 Re7 27. Nc5 hxg6 28. Qh3 Rg7 29. Qe3 Kf7 30. Rd2 Re8 31. Re1 Qd5 32. Rde2 Rh7 33. Nxd7 Qxd7 34. Qe5 Qe7 35. b3 a4 36. c3 axb3 37. axb3 Rh3 38. Kb2 Rh5 39. Kc2 Rh3 40. c4 bxc4 41. bxc4 Ra8 42. Qxe6+ Qxe6 43. Rxe6 Rh2+ 44. Kb3 Rh3+ 45. Kb4 Rb8+ 46. Kc5 Rh4 47. Rf6+ Kg7 48. Re7+ Kh8 49. Rxg6 Rxf4 50. Rf6 Rd8 51. g6 Rfxd4 52. g7+ Kh7 53. Rf8 1-0

[Event "Hessen-ch op-B"]
[Site "Frankfurt Sossenheim"]
[Date "2015.??.??"]
[Round "5"]
[White "Slobodetski, Oleg"]
[Black "Wachsmann, Dietmar"]
[Result "0-1"]
[WhiteElo "1830"]
[BlackElo "1743"]
[PlyCount "76"]
[EventDate "2015.05.13"]
[EventType "swiss"]
[EventRounds "7"]
[EventCountry "GER"]
[SourceTitle "EXT 2016"]
[Source "ChessBase"]
[SourceDate "2015.10.08"]
[SourceVersion "1"]
[SourceVersionDate "2015.10.08"]
[SourceQuality "1"]

1. e4 c5 2. Nf3 e6 3. d4 cxd4 4. Nxd4 Nf6 5. Nc3 d6 6. Be2 Be7 7. 0-0 0-0 8. f4 Nc6 9. Be3 e5 10. Nb3 a6 11. f5 b5 12. Bf3 Bb7 13. Nd5 Nxd5 14. Qxd5 Na5 15. Qd3 Nc4 16. Bc1 Rc8 17. Re1 Qc7 18. Re2 Rfd8 19. Nd2 Nb6 20. Nf1 d5 21. Qb3 dxe4 22. Bh5 Bc5+ 23. Be3 Bd5 24. Qc3 Na4 25. Qe1 Nxb2 26. Bxc5 Qxc5+ 27. Kh1 Nc4 28. Qg3 f6 29. Qh4 Rd7 30. Bg6 hxg6 31. fxg6 Rcd8 32. Ng3 Nd6 33. Qh7+ Kf8 34. Rf1 Ne8 35. Ref2 Bg8 36. Nxe4 Qc6 37. Ng5 Rd1 38. Nf7 R8d2 0-1

[Event "Hessen-chB"]
[Site "Offenbach"]
[Date "2012.04.06"]
[Round "5"]
[White "Slobodetski, Oleg"]
[Black "Schellen, Sven"]
[Result "1-0"]
[WhiteElo "1529"]
[BlackElo "1771"]
[PlyCount "83"]
[EventDate "2012.04.05"]
[EventType "swiss"]
[EventRounds "7"]
[EventCountry "GER"]
[SourceTitle "EXT 2013"]
[Source "ChessBase"]
[SourceDate "2012.11.22"]
[SourceVersion "1"]
[SourceVersionDate "2012.11.22"]
[SourceQuality "1"]

1. e4 e6 2. d4 d5 3. Nd2 Nf6 4. e5 Nfd7 5. f4 c5 6. c3 Nc6 7. Ndf3 Be7 8. Ne2 0-0 9. Be3 b6 10. g3 Re8 11. Bh3 Nf8 12. Qc2 Na5 13. b3 Ba6 14. f5 exf5 15. Bxf5 Bc8 16. Bd3 c4 17. bxc4 Nxc4 18. Bxc4 dxc4 19. Nf4 Ne6 20. Qe4 Rb8 21. d5 Bb7 22. Rd1 Qc8 23. Qf5 Ng5 24. Qxc8 Nxf3+ 25. Kf2 Rexc8 26. Kxf3 Bc5 27. Bxc5 Rxc5 28. Rhe1 g5 29. Nh5 Bxd5+ 30. Rxd5 Rxd5 31. Nf6+ Kf8 32. Nxd5 Rd8 33. Rd1 Rc8 34. Nf6 Kg7 35. a4 Rc5 36. Rd5 Rc6 37. Ke4 Kg6 38. g4 a6 39. Kd4 Rc8 40. Ne4 h6 41. Nd6 Rc6 42. Nxc4 1-0

[Event "Hessen-chB"]
[Site "Offenbach"]
[Date "2012.04.05"]
[Round "2"]
[White "Vu, Quan"]
[Black "Slobodetski, Oleg"]
[Result "0-1"]
[WhiteElo "1100"]
[BlackElo "1529"]
[PlyCount "86"]
[EventDate "2012.04.05"]
[EventType "swiss"]
[EventRounds "7"]
[EventCountry "GER"]
[SourceTitle "EXT 2013"]
[Source "ChessBase"]
[SourceDate "2012.11.22"]
[SourceVersion "1"]
[SourceVersionDate "2012.11.22"]
[SourceQuality "1"]

1. e4 e5 2. Nf3 Nc6 3. d4 exd4 4. Nxd4 Nf6 5. Nc3 Bb4 6. Nde2 Nxe4 7. Qd3 Qe7 8. Be3 d6 9. a3 Bxc3+ 10. Nxc3 Nxc3 11. Qxc3 0-0 12. Bb5 Bd7 13. Bd3 f5 14. 0-0 f4 15. Bd2 Qg5 16. Rfe1 Rae8 17. Re4 Rxe4 18. Bxe4 d5 19. Qd3 dxe4 20. Qxd7 Qe7 21. Qxe7 Nxe7 22. Re1 e3 23. fxe3 f3 24. gxf3 Rxf3 25. Rf1 Rxf1+ 26. Kxf1 Kf7 27. Kf2 Ke6 28. Kf3 Nf5 29. e4 Nd4+ 30. Kf4 Nxc2 31. Bc3 Kf7 32. a4 Na1 33. Be5 c6 34. Bd4 a6 35. Ke5 Nb3 36. Bc3 Nc5 37. Bd4 Nxa4 38. b3 c5 39. bxa4 cxd4 40. Kxd4 b5 41. a5 Ke6 42. h3 g5 43. e5 h5 0-1

[Event "Main Vogelsberg op 6th"]
[Site "Hanau"]
[Date "2011.06.05"]
[Round "7"]
[White "Blosze, Winfried"]
[Black "Slobodetski, Oleg"]
[Result "1/2-1/2"]
[WhiteElo "1716"]
[BlackElo "1352"]
[PlyCount "52"]
[EventDate "2011.06.02"]
[EventType "swiss"]
[EventRounds "7"]
[EventCountry "GER"]
[SourceTitle "CBM 142 Extra"]
[Source "ChessBase"]
[SourceDate "2011.06.27"]
[SourceVersion "1"]
[SourceVersionDate "2011.06.27"]
[SourceQuality "1"]

1. e4 e5 2. Nf3 Nc6 3. c3 d5 4. Qa4 dxe4 5. Nxe5 Qd5 6. Nxc6 bxc6 7. Bc4 Qd6 8. b3 Nf6 9. Ba3 Qd7 10. Bxf8 Kxf8 11. Na3 g6 12. 0-0-0 Kg7 13. h3 Qd6 14. Nc2 c5 15. Be2 Bd7 16. Qa5 Rhe8 17. Ne3 Qb6 18. Qa3 Bb5 19. c4 Bc6 20. g4 Nd7 21. Rhg1 Ne5 22. d3 a5 23. dxe4 Bxe4 24. Qb2 Kg8 25. Nd5 Bxd5 26. Rxd5 Nc6 1/2-1/2

[Event "Main Vogelsberg op 6th"]
[Site "Hanau"]
[Date "2011.06.04"]
[Round "5"]
[White "Lindner, Marco"]
[Black "Slobodetski, Oleg"]
[Result "1/2-1/2"]
[WhiteElo "1977"]
[BlackElo "1352"]
[PlyCount "64"]
[EventDate "2011.06.02"]
[EventType "swiss"]
[EventRounds "7"]
[EventCountry "GER"]
[SourceTitle "CBM 142 Extra"]
[Source "ChessBase"]
[SourceDate "2011.06.27"]
[SourceVersion "1"]
[SourceVersionDate "2011.06.27"]
[SourceQuality "1"]

1. e4 e5 2. Nf3 Nc6 3. Bb5 a6 4. Ba4 Nf6 5. 0-0 Be7 6. Re1 b5 7. Bb3 0-0 8. c3 d5 9. exd5 Nxd5 10. Nxe5 Nxe5 11. Rxe5 c6 12. Bxd5 cxd5 13. d4 Bd6 14. Re1 Qh4 15. g3 Qh3 16. Qd3 Bg4 17. Qf1 Qh5 18. Be3 Rae8 19. Nd2 f5 20. f4 Re6 21. Qf2 Rfe8 22. Nf1 Bf3 23. Nd2 Bg4 24. a4 b4 25. c4 dxc4 26. Nxc4 Bf3 27. Ne5 Be4 28. Rec1 g5 29. Re1 a5 30. Qe2 Qh3 31. Qf1 Qh5 32. Qe2 Qh3 1/2-1/2

[Event "Main Vogelsberg op 6th"]
[Site "Hanau"]
[Date "2011.06.03"]
[Round "3"]
[White "Larem, Peter"]
[Black "Slobodetski, Oleg"]
[Result "1/2-1/2"]
[WhiteElo "1723"]
[BlackElo "1352"]
[PlyCount "92"]
[EventDate "2011.06.02"]
[EventType "swiss"]
[EventRounds "7"]
[EventCountry "GER"]
[SourceTitle "CBM 142 Extra"]
[Source "ChessBase"]
[SourceDate "2011.06.27"]
[SourceVersion "1"]
[SourceVersionDate "2011.06.27"]
[SourceQuality "1"]

1. e4 e5 2. d4 exd4 3. c3 d5 4. exd5 Qxd5 5. cxd4 Nc6 6. Nf3 Bg4 7. Be2 Bb4+ 8. Nc3 Bxf3 9. Bxf3 Qc4 10. Bxc6+ Qxc6 11. 0-0 Ne7 12. Qb3 Bd6 13. Re1 0-0 14. Bg5 Nf5 15. d5 Qa6 16. Nb5 Qb6 17. Qd3 g6 18. Nxd6 cxd6 19. g4 Qd4 20. Qf3 f6 21. gxf5 fxg5 22. Rad1 Qg7 23. Qg3 gxf5 24. Qxd6 Rad8 25. Qe6+ Qf7 26. d6 Rfe8 27. Qh6 Rxe1+ 28. Rxe1 Qg6 29. Qxg6+ hxg6 30. Re6 g4 31. Rxg6+ Kf7 32. Rh6 Rd7 33. Rh7+ Ke6 34. Rxd7 Kxd7 35. Kg2 Kxd6 36. f3 Ke5 37. fxg4 fxg4 38. Kg3 Kf5 39. a4 a5 40. b3 Kg5 41. Kf2 Kh4 42. Ke3 Kh3 43. Kf4 Kh4 44. Kf5 Kh5 45. Kf6 Kh6 46. Kf5 Kh5 1/2-1/2

[Event "Frankfurt-ch"]
[Site "Frankfurt"]
[Date "2010.06.07"]
[Round "6"]
[White "Slobodetski, Oleg"]
[Black "Wolff, Juergen"]
[Result "0-1"]
[WhiteElo "1287"]
[BlackElo "1696"]
[PlyCount "86"]
[EventDate "2010.04.26"]
[EventType "swiss"]
[EventRounds "7"]
[EventCountry "GER"]
[SourceTitle "EXT 2011"]
[Source "ChessBase"]
[SourceDate "2010.11.26"]
[SourceVersion "1"]
[SourceVersionDate "2010.11.26"]
[SourceQuality "1"]

1. e4 c5 2. Nf3 d6 3. d4 cxd4 4. Nxd4 Nf6 5. Nc3 a6 6. Be3 e5 7. Nb3 Be6 8. f3 Nbd7 9. g4 b5 10. Qd2 Nb6 11. 0-0-0 Nc4 12. Qf2 Nxe3 13. Qxe3 Be7 14. Kb1 0-0 15. h4 Qc7 16. h5 Rfc8 17. Bd3 b4 18. Nd5 Bxd5 19. exd5 Nxd5 20. Qe4 Nf6 21. Qxb4 a5 22. Qa4 d5 23. Bf5 Rcb8 24. g5 Rb4 25. Qxb4 Bxb4 26. gxf6 a4 27. Rhg1 Bf8 28. fxg7 Be7 29. Rxd5 axb3 30. axb3 Qa7 31. Bxh7+ Kxh7 32. g8Q+ Rxg8 33. Rxg8 Kxg8 34. Rxe5 Qg1+ 35. Ka2 Bf6 36. Rf5 Bh8 37. b4 Qd4 38. c3 Qc4+ 39. Ka3 Bxc3 40. Rg5+ Bg7 41. h6 Qa6+ 42. Ra5 Qxh6 43. b3 Qh1 0-1

[Event "Frankfurt-ch"]
[Site "Frankfurt"]
[Date "2010.05.03"]
[Round "2"]
[White "Slobodetski, Oleg"]
[Black "Budde, Michael"]
[Result "1-0"]
[WhiteElo "1287"]
[BlackElo "1688"]
[PlyCount "95"]
[EventDate "2010.04.26"]
[EventType "swiss"]
[EventRounds "7"]
[EventCountry "GER"]
[SourceTitle "EXT 2011"]
[Source "ChessBase"]
[SourceDate "2010.11.26"]
[SourceVersion "1"]
[SourceVersionDate "2010.11.26"]
[SourceQuality "1"]

1. e4 c5 2. Nf3 Nc6 3. d4 cxd4 4. Nxd4 e5 5. Nb5 d6 6. c4 a6 7. N5a3 Nf6 8. Nc3 Be7 9. Nc2 0-0 10. Bd3 Bg4 11. Qd2 Nh5 12. Nd5 Be6 13. 0-0 h6 14. Qe2 Nf6 15. b4 Bg4 16. Nxf6+ Bxf6 17. Qxg4 Kh7 18. Bd2 Ne7 19. f4 Ng6 20. a4 exf4 21. Rae1 Ne5 22. Qe2 Bh4 23. Ra1 g5 24. Bc3 Qd7 25. h3 f3 26. gxf3 Qxh3 27. Bxe5 dxe5 28. Qg2 Qe6 29. Ne3 Qb6 30. Qd2 Qd4 31. Kg2 Rad8 32. Nd5 g4 33. fxg4 f5 34. gxf5 Rg8+ 35. Kh3 Bg5 36. Qe2 Rg7 37. Rad1 Rdg8 38. f6 Rf7 39. Qf3 Qa7 40. c5 Qb8 41. Qf5+ Kh8 42. Be2 h5 43. Bxh5 Rh7 44. Kg4 Bxf6+ 45. Bg6 Rxg6+ 46. Qxg6 Rg7 47. Rh1+ Kg8 48. Nxf6+ 1-0